All Crops In Stardew Valley - Statistics

General Stats
  • This quiz has been taken 40 times
    17 since last reset
  • The average score is 29 of 47
Answer Stats
Season Answer % Correct
Summer Corn
94%
Spring Potato
94%
Fall Pumpkin
94%
Summer Wheat
94%
Summer Melon
88%
Spring Parsnip
88%
Summer Tomato
88%
Spring Garlic
81%
Spring Strawberry
81%
Summer Sunflower
81%
Spring, Summer, Fall Ancient Fruit
75%
Fall Broccoli
75%
Fall Eggplant
75%
Spring Green Bean
75%
Summer Raddish
75%
Spring Tulip
75%
Summer Blueberry
69%
Spring Carrot
69%
Spring Cauliflower
69%
Fall Grape
69%
Summer Hops
69%
Fall Artichoke
63%
Fall Beet
63%
Spring Blue Jazz
63%
Winter Powdermelon
63%
Spring Coffee Bean
56%
Fall Fairy Rose
56%
Summer Hot Pepper
56%
Spring Kale
56%
Summer Pineapple
56%
Summer Poppy
56%
Summer Starfruit
56%
Spring Unmilled Rice
56%
Fall Yam
56%
Spring Rhubarb
50%
Summer Summer Spangle
50%
Summer Summer Squash
50%
Fall Amaranth
44%
None Cactus
44%
Summer Taro Root
44%
Fall Bok Choy
38%
Fall Cranberries
38%
All Fiber
38%
Summer Red Cabbage
38%
Spring, Summer, Fall Sweet Gem Berry
38%
All Tea Leaves
38%
All Forage
0%
No matching quizzes found
Score Distribution
Percent of People with Each Score
Percentile by Number Answered
Your Score History
You have not taken this quiz since the last reset